000 00376nam a2200133Ia 4500
008 220216s9999 xx 000 0 und d
245 4 _aThe Latest rubber mixing research to reduce rubber product cost
260 _bRubber International Magazine
_c2003
300 _a44-45
650 _aChlorinated polyethylene
650 _aPolymer
650 _aRubber mixing
942 _cJS
999 _c70818
_d70818